Animals That Start With B - Statistics

General Stats
  • This quiz has been taken 253 times
  • The average score is 9 of 15
Answer Stats
Hint Answer % Correct
Insect that makes honey. Bee
100%
____ constrictor. Boa
95%
Panda ____. Bear
92%
Flying mammal. Bat
91%
Wild pig. Boar
90%
Monkey with a blue butt. Baboon
79%
Crustacean that sticks to ships. Barnacle
69%
Most common insect. Beetle
60%
Most dangerous jellyfish. Box Jellyfish
60%
Insect that eats sleeping humans. Bedbug
58%
Also called "pufferfish". Blowfish
43%
U.S. national animal. Bison
31%
Common sheep in the Rockies. Bighorn Sheep
30%
Named "The Ugliest Animal". Blobfish
27%
Smallest species of penguin. Blue Penguin
14%
No matching quizzes found
Score Distribution
Percent of People with Each Score
Percentile by Number Answered
Your Score History
You have not taken this quiz